| 000 | 01325cam a22002054a 4500 | ||
|---|---|---|---|
| 005 | 20250605164135.0 | ||
| 008 | 250528s ||||||||||||||||||||||||d | ||
| 035 | _a18720 | ||
| 020 | _a1556232586 | ||
| 040 |
_aGR-AtMCL _bgre _dGR-AtMCL _eAACR2 |
||
| 245 | 1 | _aLeading Indicators for the 1990s / The Center for International Business Cycle Research - Columbia University | |
| 260 | _c1990 | ||
| 300 | _a156 | ||
| 520 | _aThis book describes sweeping changes to the Commerce Department's leading economic indicators. An Overview, A New Index of Net Business Formation, A New Layoff Rate Series, Corporate Bond Prices as a Leading Indicator, A New Monthly Indicator of Profit Margins, Improved Measures of Inventories and Deliveries, A New Industrial Materials Price Index, New Measures of the Growth of Debt, Long-Leading and Short-Leading Indexes, Promptly Available Economic Indicators, A Monthly Index of Final Sales, Comprehensive Versus Cycle-Sensitive Coincident Indicators, New Economic Indicators for the Service Industries, Unit Labor Cost, A Measure of Unemployment Severity, International Economic Indicators, Sources and Descriptions of Indicators Recommended by CIBCR, Index. | ||
| 700 | 1 |
_aDon Jones-Irwin _94973 |
|
| 700 | 1 |
_aMoore Goffrey H _94974 |
|
| 942 | _cBK | ||
| 999 |
_c4044 _d4044 |
||